Eurovision Top 5 (2000-2019) - Statistics

General Stats
  • This quiz has been taken 1,701 times
    1,616 since last reset
  • The average score is 95 of 100
Answer Stats
Year Country % Correct
2000 | 2010 | 2018 Germany
99%
2003 | 2008 | 2009 | 2013 Norway
99%
2000 | 2003 | 2006 | +7 others Russia
99%
2001 | 2003 | 2006 | +7 others Sweden
99%
2004 | 2007 | 2008 | +3 others Ukraine
99%
2002 | 2009 United Kingdom
99%
2014 | 2018 Austria
98%
2000 | 2001 | 2010 | +2 others Denmark
98%
2006 Finland
98%
2011 | 2015 | 2018 | 2019 Italy
98%
2017 Portugal
98%
2014 | 2019 The Netherlands
98%
2001 | 2004 | 2005 | 2008 Greece
97%
2005 | 2018 Israel
97%
2000 | 2002 | 2005 Latvia
97%
2007 | 2012 Serbia
97%
2000 | 2001 | 2002 Estonia
96%
2003 | 2004 | 2007 | +2 others Turkey
96%
2009 | 2010 | 2011 | +2 others Azerbaijan
94%
2003 | 2015 | 2017 Belgium
93%
2007 | 2016 | 2017 Bulgaria
92%
2004 | 2018 Cyprus
92%
2015 | 2016 Australia
91%
2009 Iceland
91%
2001 | 2002 France
90%
2019 Switzerland
89%
2005 | 2006 | 2010 Romania
88%
2017 Moldova
87%
2008 | 2014 Armenia
86%
2002 | 2005 Malta
86%
2012 Albania
82%
2014 Hungary
82%
2006 Bosnia and Herzegovina
79%
2004 Serbia and Montenegro
63%
No matching quizzes found
Score Distribution
Percent of People with Each Score
Percentile by Number Answered
Your Score History
You have not taken this quiz since the last reset